Les disciplines des sportifs les plus titrés au monde - Statistiques

Statistiques générales
  • Ce quiz a été pris 21 fois
  • Le résultat moyen est 7 sur 106
Statistiques - réponses
Discipline Pays % Correct
Athlétisme - course H Algérie | Comores | Côte d'ivoire | Djibouti | Guinée équatoriale | Kenya | Maroc | Mauritanie | Mozambique | Namibie | Nigeria | Sierra Leone | Somalie | Soudan | Soudan-du-Sud | Zambie | Antigua-et-Barbuda | Bahamas | Costa Rica | Grenade | Jamaïque | République dominicaine | Saint-Christophe-et-Niévès | Saint-Vincent-et-les-Grenadines | Irak | Maldives | Oman | Sri Lanka | Timor oriental | Salomon | Palaos
90%
Athlétisme - course F Algérie | Botswama | Côte d'ivoire | Gambie | Guinée | Liberia | Mozambique | Niger | Nigeria | Ouganda | Sao Tomé-et-Principe | Sénégal | Soudan | Zambie | Bahamas | Barbade | Grenade | Guyana | Jamaïque | Saint-Vincent-et-les-Grenadines | Suriname | Bahrein | Sri Lanka
70%
Athlétisme - Course de fond H Erythrée | Ethiopie | Maroc | Ouganda | Tanzanie | Cambodge | Finlande
55%
Athlétisme - Course de fond F Ethiopie | Kenya | Tanzanie | Tunisie | Emirats arabes unis
50%
Natation H Afrique-du-sud | Tunisie | Brésil | Etats-Unis | Suriname | Trinité-et-Tobago | Chine | Syrie | Hongrie | Ukraine | Australie
35%
Biathlon H France | Norvège
35%
Aquathlon F Islande | Luxembourg
25%
Tennis H Zimbabwe | Inde | Serbie | Suède | Suisse
25%
Patinage de vitesse sur glace F Chine | Corée-du-Sud | Pays-Bas | Tchéquie
20%
Natation F Comores | Malawi | Seychelles | Sierra Leone | Zimbabwe | Brésil | Costa Rica | Danemark | Espagne | Hongrie | Lituanie | Slovaquie | Suède | Ukraine | Australie | Micronésie | Palaos | Tonga
20%
MotoGP H Italie | Saint-Marin
20%
Tennis F Madagascar | Etats-Unis | Tennis | Belgique | Lettonie | Suisse
20%
Natation synchronisée F Russie
20%
Patinage de vitesse sur glace H Canada | Pays-Bas
15%
Ski alpin F Andorre | Autriche | Croatie | Liechtenstein | Monaco
10%
Ski alpin H Autriche | Liechtenstein
10%
Cricket F Bangladesh | Pakistan
10%
Lutte gréco-romaine H Cuba | Honduras | Iran | Kirghizistan | Arménie | Moldavie | Turquie
10%
Escrime F Estonie | Italie
10%
Rugby à VII H Fidji
10%
Rugby à VII F Fidji
10%
Cyclisme sur route H Luxembourg | Slovaquie | Slovénie
10%
Athlétisme - Lancer de marteau F Pologne
10%
Canoë-Kayak H Sao Tomé-et-Principe | Allemagne | Portugal | Russie
10%
Formule 1 H Argentine | Monaco
5%
Cricket H Bangladesh
5%
Football H Cameroun | Uruguay
5%
Athlétisme - Triple saut F Cameroun | Venezuela | Kazakhstan
5%
Haltérophilie F Chili | Equateur | Nicaragua | République dominicaine | Philippines | Taiwan | Turkménistan | Albanie | Arménie | Géorgie | Marshall | Salomon | Papouasie-Nouvelle-Guinée | Samoa
5%
Marche H Equateur | Pologne
5%
Lutte H Guinée Bissau | Ouzbékistan | Albanie | Macédoine | Micronésie
5%
Badminton F Indonésie
5%
Lutte F Japon | Kirghizistan | Mongolie | Azerbaïdjan | Bulgarie
5%
Gymnastique artistique H Japon | Philippines | Biélorussie | Bulgarie | Grèce | Israël | Roumanie
5%
Haltérophilie H Libye - Madagascar | Corée-du-Nord | Kazakhstan | Turkménistan | Vietnam | Géorgie | Marshall | Kiribati | Samoa | Tuvalu
5%
Tir à l'arc H Malawi | Salvador | Bhoutan | Corée-du-Sud | Danemark
5%
Plongeon H Mexique
5%
Plongeon F Mexique
5%
Gymnastique artistique F Roumanie
5%
Badminton H Seychelles | Indonésie
5%
Natation-handisport F Afrique-du-sud | Chypre
0%
Snowboard H Andorre
0%
Athlétisme-handisport - course H Angola | Cap-vert | Rwanda | Papouasie-Nouvelle-Guinée
0%
Taekwondo F Angola | Lesotho | Mali | Somalie | Eswatini | Haïti | Jordanie | Koweït | Liban | Népal | Malte | Serbie
0%
Athlétisme - Saut en hauteur F Antigua-et-Barbuda | Sainte-Lucie | Ouzbékistan
0%
Cyclisme sur piste H Barbade
0%
Motocross H Belgique
0%
Judo H Belize | Mongolie | Monténégro | Nauru
0%
Karaté H Bénin | Brunei | Azerbaïdjan | Kosovo
0%
Athlétisme - Heptathlon F Bénin | Ghana | Kazakhstan | Syrie
0%
Tir sportif F Bhoutan | Koweït | Qatar | Saint-Marin
0%
Racquetball H Bolivie
0%
Racquetball F Bolivie
0%
Volley-ball-handisport H Bosnie-Herzégovine
0%
Athlétisme - Saut en hauteur H Botswana | Gambie | Maurice | Tchad | Liban
0%
Judo F Burundi | Gabon | Guinée Bissau | Argentine | Cuba | Haïti | Arabie saoudite | Corée-du-Nord | Bosnie-Herzégovine | Kosovo
0%
Athlétisme - Triple saut H Burundi | Sénégal
0%
Ju-Jitsu F Cambodge
0%
Canoë-Kayak F Canada | Biélorussie | Nouvelle-Zélande
0%
Boxe F Cap-vert | Panama | Inde | Tadjikistan | Irlande | Centrafrique
0%
Rallyes tout-terrain motos H Chili
0%
Patins à roulettes H Colombie
0%
Athlétisme - Lancer de poids H Congo | Arabie saoudite
0%
Athlétisme - Lancer de disque H Congo | Centrafrique | Togo | Lituanie
0%
Karaté F Congo | Pérou | Vietnam | Turquie
0%
Aviron H Croatie | Irlande | Tchéquie | Nouvelle-Zélande | Vanuatu
0%
Squash H Egypte | Pérou | Pakistan
0%
Squash F Egypte | Squash
0%
Rallyes tout-terrain H Emirats arabes unis
0%
Trial F Erythrée
0%
Trial H Espagne
0%
Ski cross H Estonie
0%
Ski cross F Finlande | Norvège
0%
Taekwondo H Gabon | Mali | Niger | Afghanistan | Jordanie | Népal | Taïwan | Yémen
0%
Athlétisme - Saut en longueur H Ghana | Sénégal | Dominique | Panama | Kazakhstan
0%
Triathlon F Guatemala | Portugal
0%
Voile H Guatemala | Singapour | Chypre
0%
Natation-handisport H Islande
0%
Sepak takraw H Laos | Birmanie | Thaïlande
0%
Sepak takraw F Laos | Birmanie | Thaïlande
0%
Athlétisme - Marathon H Lesotho | Eswatini | Bahrein
0%
BMX H Lettonie
0%
Athlétisme - Decathlon H Liberia
0%
Tir sportif-handisport F Macédoine
0%
Tennis de table-handisport H Malte
0%
Athlétisme-handisport - course F Maroc | Namibie
0%
VTT F Maurice | Malaisie | Timor oriental
0%
Sambo F Moldavie
0%
Handball F Monténégro
0%
Baseball F Nicaragua
0%
Golf H Paraguay
0%
Golf F Paraguay
0%
Tennis de table H RD Congo
0%
Tennis de table F RD Congo
0%
Athlétisme - Marathon F Rwanda
0%
Athlétisme - Lancer de javelot H Sainte-Lucie
0%
Marche F Salvador
0%
Voile F Singapour | Grèce | Israël
0%
Escalade sportive F Slovénie
0%
Athlétisme - Lancer de marteau H Tadjikistan
0%
Tir à l'arc F Tchad | Colombie | Iran
0%
Athlétisme - Lancer de disque F Togo
0%
Boxe H Tonga | Guyana | Centrafrique | Guinée
0%
Athlétisme - Lancer de poids F Trinité-et-Tobago
0%
Pelote basque F Uruguay
0%
Escrime H Venezuela
0%
Aucun quiz correspondant
Distribution des résultats
% des personnes avec chaque résultat
Percentile par nombre de réponses
Votre historique - résultats
Vous n’avez pas pris ce quiz